MARC

LEADER 00000nam0a2200000 4500
001 375469
005 20231102012734.0
010 |b 4000 экз. 
035 |a (RuTPU)RU\TPU\retro\32908 
035 |a RU\TPU\book\309917 
090 |a 375469 
100 |a 20221220d1952 m y0rusy50 ca 
101 0 |a rus 
102 |a RU 
105 |a a z 001zy 
200 1 |a Централизованный ремонт оборудования электростанций  |e сборник статей  |f под ред. А. И. Бронникова 
210 |a Москва  |a Ленинград  |c Государственное энергетическое изд-во  |a 1952 
215 |a 175 с.  |c ил. 
316 |5 63413507: М-133459  |a На титульном листе владельческая подпись: "Бутаков" 
317 |5 63413507: М-133459  |a Поступила в НТБ в 1970 г. в составе книжного собрания профессора ТПИ И. Н. Бутакова 
320 |a Приложения: с. 169-175 
606 1 |a Электрические станции  |x Оборудование  |2 stltpush  |3 (RuTPU)RU\TPU\subj\27622  |9 51347 
610 1 |a электростанции 
610 1 |a оборудование 
610 1 |a ремонт 
610 1 |a владельческая надпись 
610 1 |a библиотека И. Н. Бутакова 
675 |a 621.311.2.002.5  |v 3 
702 1 |a Бронников  |b А. И.  |4 340 
801 1 |a RU  |b 63413507  |c 20150226 
801 2 |a RU  |b 63413507  |c 20221220  |g RCR 
942 |c BK